Novelas cortas, ensayos y artículos / (Registro nro. 15223)

Detalles MARC
000 -CABECERA
campo de control de longitud fija 02946nam a2200433 a 4500
001 - NÚMERO DE CONTROL
campo de control 000008681
003 - IDENTIFICADOR DEL NÚMERO DE CONTROL
campo de control DO-SdBNP
005 - FECHA Y HORA DE LA ÚLTIMA TRANSACCIÓN
campo de control 20250626105602.0
007 - CAMPO FIJO DE DESCRIPCIÓN FÍSICA--INFORMACIÓN GENERAL
campo de control de longitud fija ta
008 - DATOS DE LONGITUD FIJA--INFORMACIÓN GENERAL
campo de control de longitud fija 090918s2000 dr 000 f spa d
020 ## - NÚMERO INTERNACIONAL ESTÁNDAR DEL LIBRO
Número Internacional Estándar del Libro 9993401242
040 ## - FUENTE DE LA CATALOGACIÓN
Centro catalogador/agencia de origen DO-SdBNP
Lengua de catalogación spa
Centro/agencia transcriptor BNPHU
Normas de descripción rda
082 #4 - NÚMERO DE LA CLASIFICACIÓN DECIMAL DEWEY
Número de clasificación RD868.3
Número de documento/Ítem G182n 2000
Número de edición 22
100 1# - ENTRADA PRINCIPAL--NOMBRE DE PERSONA
Nombre de persona Galván, Manuel de J.
Forma completa/desarrollada del nombre (Manuel de Jesús)
Fechas asociadas al nombre 1834-1910
Término indicativo de función/relación autor
100 z# - ENTRADA PRINCIPAL--NOMBRE DE PERSONA
Nombre de persona Galván, Manuel de Jesús
245 10 - MENCIÓN DE TÍTULO
Título Novelas cortas, ensayos y artículos /
Mención de responsabilidad, etc. Manuel de Jesús Galván ; estudios, notas y compilación Manuel Núñez.
246 14 - FORMA VARIANTE DE TÍTULO
Título propio/Titulo breve Novelas cortas
264 ## - PRODUCCIÓN, PUBLICACIÓN, DISTRIBUCIÓN, FABRICACIÓN Y COPYRIGHT
Producción, publicación, distribución, fabricación y copyright Santo Domingo :
Nombre del de productor, editor, distribuidor, fabricante Consejo Presidencial de Cultura,
Fecha de producción, publicación, distribución, fabricación o copyright 2000.
300 ## - DESCRIPCIÓN FÍSICA
Extensión volumen ;
Dimensiones 24 cm.
336 ## - TIPO DE CONTENIDO
Fuente rdacontent
Término de tipo de contenido texto
Código de tipo de contenido txt
337 ## - TIPO DE MEDIO
Fuente rdamedia
Nombre/término del tipo de medio sin mediación
Código del tipo de medio n
338 ## - TIPO DE SOPORTE
Fuente rdacarrier
Nombre/término del tipo de soporte volunen
Código del tipo de soporte nc
490 0# - MENCIÓN DE SERIE
Mención de serie Autores Clásicos Dominicanos,
Designación de volumen o secuencia 1
500 ## - NOTA GENERAL
Nota general Incluye referencias bibliográficas y notas al pie de las páginas
505 0# - NOTA DE CONTENIDO CON FORMATO
Nota de contenido con formato v.1--
Título Presentación /
Mención de responsabilidad Cayo Claudio Espinal --
Título Prefacio /
Mención de responsabilidad Manuel Núñez --
Título La prosa periodística de Manuel de Jesús Galván /
Mención de responsabilidad Manuel Núñez --
Información miscelánea Novelas --
Título Elvira y Manfredo ;
-- Federico o el aburrimiento ;
-- La Puericracia --
Información miscelánea Letrillas ;
Título Programa ;
-- Contestación ;
-- Letrilla ;
-- A la memoria del ilustre coronel ;
-- Don Elías Piña ;
-- Contestación Joco Seria ;
-- Preludios ;
-- Letrilla guitarro- filarmónica ;
-- Quejas de la tumba contra el merengue ;
-- Serenata ;
-- Amor ;
-- La pura verdad --
Información miscelánea Artículos y textos satíricos .
Título El oasis ;
-- La pedantería y los pedantes ;
-- A Marco Aurelio ;
-- Don Arístides ;
-- Don Emilio y las mujeres científicas ;
-- Los indiscretos y yo ;
-- Enmanuel novelista ;
-- Chismes y enrredos ;
-- La vanidad ;
-- El oasís, sus víctimas y los que quieren serlo ;
-- Artículo sin epígrafe ;
-- Melancolía ;
-- A Delicio ;
-- Bosquejo ;
-- Lance vacuno ;
-- Un día campestre ;
-- Vuelo de tortugas --
Información miscelánea Teatro.
Título Las conspiraciones --
Información miscelánea Prosa periodística ;
Título Editoriales del oasis (1854-1856) ;
-- Prensa europea ;
-- El 27 de febrero ;
-- Crueldad pública ;
-- Aclaraciones ;
-- Observación :
-- 27 de febrero ;
-- Interior --
Información miscelánea Editoriales de la razón (1861-1864) .
Título La anexión es la paz ;
-- La situación pasada y la presente ;
-- ¿Dónde está el partido de Báez? ;
-- Invasión haitiana ;
-- Españolismo y política de Báez ;
-- Diversas fases de la anexión ;
-- España y el siglo XIX ;
-- La Antilla pobre ;
-- El periodismo y la policía
590 ## - NOTA LOCAL (RLIN)
Nota local Inventariado, 2025/VM
600 10 - PUNTO DE ACCESO ADICIONAL DE MATERIA--NOMBRE DE PERSONA
Nombre de persona Galván, Manuel de J.
Forma completa/desarrollada del nombre (Manuel de Jesús)
Fechas asociadas al nombre 1834-1910
650 #0 - PUNTO DE ACCESO ADICIONAL DE MATERIA--TÉRMINO DE MATERIA
Término de materia o nombre geográfico como elemento de entrada Novela dominicana
650 #0 - PUNTO DE ACCESO ADICIONAL DE MATERIA--TÉRMINO DE MATERIA
Término de materia o nombre geográfico como elemento de entrada Ensayos dominicanos
650 #4 - PUNTO DE ACCESO ADICIONAL DE MATERIA--TÉRMINO DE MATERIA
Término de materia o nombre geográfico como elemento de entrada Artículos de prensa
650 #0 - PUNTO DE ACCESO ADICIONAL DE MATERIA--TÉRMINO DE MATERIA
Término de materia o nombre geográfico como elemento de entrada Literatura dominicana.
650 z# - PUNTO DE ACCESO ADICIONAL DE MATERIA--TÉRMINO DE MATERIA
Término de materia o nombre geográfico como elemento de entrada Dominican fictions
650 z# - PUNTO DE ACCESO ADICIONAL DE MATERIA--TÉRMINO DE MATERIA
Término de materia o nombre geográfico como elemento de entrada Dominican essays
650 z# - PUNTO DE ACCESO ADICIONAL DE MATERIA--TÉRMINO DE MATERIA
Término de materia o nombre geográfico como elemento de entrada Dominican literature
700 1# - PUNTO DE ACCESO ADICIONAL--NOMBRE DE PERSONA
Nombre de persona Núñez, Manuel,
Fechas asociadas al nombre 1957-
Término indicativo de función/relación compilador
700 z# - PUNTO DE ACCESO ADICIONAL--NOMBRE DE PERSONA
Nombre de persona Núñez Asencio, Manuel,
Fechas asociadas al nombre 1957-
910 ## - DATOS DE OPCIÓN DEL USUARIO (OCLC)
Datos de opción del usuario VMateo V. Control de calidadBPMSU
942 ## - ELEMENTOS DE PUNTO DE ACCESO ADICIONAL (KOHA)
Fuente del sistema de clasificación o colocación Dewey Decimal Classification
Tipo de ítem Koha Libros
Existencias
Estado de retiro Estado de pérdida Fuente del sistema de clasificación o colocación No para préstamo Código de colección Localización permanente Ubicación/localización actual Fecha de adquisición Total de préstamos Signatura topográfica completa Código de barras Fecha visto por última vez Número de copia Precio válido a partir de Tipo de ítem Koha
    Dewey Decimal Classification   Colección Dominicana Biblioteca Pública Metropolitana Salomé Ureña Biblioteca Pública Metropolitana Salomé Ureña 06/26/2025   BPMSU CD RD863.3 G182n 2000 BPMSU25060123 06/26/2025 v.1 06/26/2025 Libros